|
|
|
|
| LEADER |
00000cam a2200000 7i4500 |
| 001 |
0000008895 |
| 002 |
000009694 |
| 005 |
.0 |
| 020 |
|
|
|a 9830570762
|
| 090 |
0 |
0 |
|a 335
|b FAT
|
| 100 |
0 |
|
|a Fatimah Azzahra
|
| 245 |
1 |
0 |
|a Pembandaran
|c Fatimah Azzahra
|
| 260 |
|
|
|a Kuala Lumpur :
|b Goodmark Enterprise ,
|c 1995
|
| 300 |
|
|
|a 42 p. ;
|c 21 cm.
|
| 490 |
0 |
|
|a Siri sosial dan ekonomi
|
| 999 |
|
|
|a 052720
|b BUKU
|c JUNIOR BOOKS
|e PERPUSTAKAAN KOMUNITI PETALING JAYA
|
| 999 |
|
|
|a 052721
|b BUKU
|c PINJAMAN
|e PERPUSTAKAAN KOMUNITI PETALING JAYA
|
| 999 |
|
|
|a 052722
|b BUKU
|c PINJAMAN
|e PERPUSTAKAAN KOMUNITI PETALING JAYA
|